Sports Quiz

Random Sports or NCAA Quiz

Conference USA Quiz Stats

 Plays Quiz Updated Oct 19, 2016

Also try: Horizon League
Challenge
Share
Tweet
Score 0/28 Timer 05:00
0 Plays Today
% Correct
Alabama at Birmingham
63.7%
Rice
57.1%
Owls
56.2%
Southern Mississippi
54.7%
Texas at El Paso
53.8%
Florida Atlantic
52.2%
Western Kentucky
51.6%
Marshall
51.6%
Florida International
51.6%
Owls
50.9%
North Texas
47.7%
Louisiana Tech
47.2%
Blazers
46.5%
Middle Tennessee
46.2%
% Correct
Panthers
45.2%
Hilltoppers
44.9%
Miners
44.9%
Texas at San Antonio
43.7%
Bulldogs
43.5%
Golden Eagles
43.4%
Thundering Herd
42.8%
Old Dominion
42%
Charlotte
41.1%
Mean Green
38.4%
Roadrunners
36.1%
Blue Raiders
35.9%
49ers
35.2%
Monarchs
32.5%

You're not logged in!

Compare scores with friends on all Sporcle quizzes.
OR
Log In

You Might Also Like...

Show Comments

Extras

Top Quizzes Today


Score Distribution

Your Account Isn't Verified!

In order to create a playlist on Sporcle, you need to verify the email address you used during registration. Go to your Sporcle Settings to finish the process.

Report this User

Report this user for behavior that violates our Community Guidelines.

Details: